Fundamentos del diseño

Bibliographic Details
Main Author: Scott, Robert Gillam
Format: Section = Libro
Language:Undetermined
Spanish
Published: México Grupo Noriega 2006
Subjects:
LEADER 00455nam a2200181Ia 4500
008 240829s9999 xx 000 0 und d
020 |a 968-18-3322-8 
040 |a BIBLIOTECA-RUSB/ 729 S429 
041 |a spa 
082 |a 729 S429 
100 1 |a Scott, Robert Gillam 
245 1 0 |a Fundamentos del diseño 
260 |a México  |b Grupo Noriega  |c 2006 
300 |a 195 p. :il. 
650 7 |a DISEÑO ARQUITECTONICO 
942 |c BK  |2 ddc 
991 |a TEXTO 
999 |c 5379